| 000 | 00405cam a2200169ua 4500 | ||
|---|---|---|---|
| 020 | _cRs 2.00 | ||
| 041 |
_aeng _h |
||
| 082 |
_a824 _bTHO/WA |
||
| 100 | _aThornley, G.C. | ||
| 245 |
_aWays of the world / _cG C Thornley. _hTextual Documents |
||
| 260 |
_aLondon : _bOrient-Longman Ltd , _c1959. |
||
| 300 | _a140 ; . | ||
| 365 | _aRs 2.00 | ||
| 504 | _a | ||
| 942 | _cBK | ||
| 999 |
_c3950 _d3950 |
||